[Event "DEM U16w 2022"]
[Site "Willingen GER"]
[Date "2022.06.08"]
[Round "6"]
[White "Pikki, Daria"]
[Black "Sarian, Gaya"]
[Result "1-0"]
[Termination "normal"]
[Board "7"]
[WhiteElo "1638"]
[BlackElo "1181"]
[WhiteClock "00:34:25"]
[BlackClock "00:00:31"]
[PlyCount "79"]
[WhiteFideId "16281306"]
[BlackFideId "16266161"]
[EventCountry "GER"]
[EventRounds "9"]
[EventType "swiss"]
[EventDate "2022.06.04"]

1. d4 {[%clk 1:30:58]} d5 {[%clk 1:30:48]} 2. c4 {[%clk 1:31:21]} dxc4 {[%clk
1:31:04]} 3. e3 {[%clk 1:31:18]} Nf6 {[%clk 1:31:11]} 4. Bxc4 {[%clk 1:30:42]}
e6 {[%clk 1:31:11]} 5. Ne2 {[%clk 1:30:22]} a6 {[%clk 1:30:08]} 6. a4 {[%clk
1:29:24]} c5 {[%clk 1:29:24]} 7. O-O {[%clk 1:28:07]} Nc6 {[%clk 1:28:25]} 8.
Nbc3 {[%clk 1:27:09]} cxd4 {[%clk 1:24:42]} 9. exd4 {[%clk 1:27:20]} Nb4 {[%clk
1:22:54]} 10. Bg5 {[%clk 1:24:10]} Be7 {[%clk 1:21:46]} 11. Qb3 {[%clk
1:21:34]} Qa5 {[%clk 1:14:03]} 12. Bd2 {[%clk 1:18:58]} Qd8 {[%clk 1:08:23]}
13. Rad1 {[%clk 1:11:10]} O-O {[%clk 1:05:36]} 14. Bf4 {[%clk 1:07:04]} Nfd5
{[%clk 0:49:05]} 15. Nxd5 {[%clk 1:04:30]} Nxd5 {[%clk 0:38:45]} 16. Bg3 {[%clk
1:03:52]} Nb6 {[%clk 0:23:45]} 17. Bd3 {[%clk 1:00:02]} Bd6 {[%clk 0:17:09]}
18. Nc3 {[%clk 0:52:52]} Bxg3 {[%clk 0:16:11]} 19. hxg3 {[%clk 0:53:09]} Kh8
{[%clk 0:11:49]} 20. Be4 {[%clk 0:52:08]} Rb8 {[%clk 0:11:48]} 21. Rfe1 {[%clk
0:50:57]} Qc7 {[%clk 0:07:41]} 22. Bb1 {[%clk 0:48:02]} Bd7 {[%clk 0:06:49]}
23. d5 {[%clk 0:44:15]} Nxd5 {[%clk 0:04:33]} 24. Nxd5 {[%clk 0:44:34]} exd5
{[%clk 0:04:55]} 25. Qxd5 {[%clk 0:44:21]} Bxa4 {[%clk 0:03:37]} 26. Qe4 {[%clk
0:44:31]} f5 {[%clk 0:02:33]} 27. Qxa4 {[%clk 0:44:48]} Qb6 {[%clk 0:02:17]}
28. Qc2 {[%clk 0:43:51]} Rbc8 {[%clk 0:02:29]} 29. Qe2 {[%clk 0:44:00]} Qf6
{[%clk 0:01:58]} 30. Rd7 {[%clk 0:42:28]} b5 {[%clk 0:02:02]} 31. Re7 {[%clk
0:42:16]} Rc6 {[%clk 0:01:20]} 32. Re8 {[%clk 0:40:25]} Kg8 {[%clk 0:00:52]}
33. Re6 {[%clk 0:38:45]} Rxe6 {[%clk 0:01:01]} 34. Ba2 {[%clk 0:39:07]} Rfe8
{[%clk 0:00:39]} 35. Bxe6+ {[%clk 0:36:11]} Kh8 {[%clk 0:00:40]} 36. Qe5 {[%clk
0:35:13]} Qxe5 {[%clk 0:00:34]} 37. Rxe5 {[%clk 0:35:37]} g5 {[%clk 0:00:38]}
38. f4 {[%clk 0:34:08]} gxf4 {[%clk 0:00:38]} 39. gxf4 {[%clk 0:34:33]} Kg7
{[%clk 0:00:31]} 40. Bxf5 {[%clk 0:34:25]} 1-0

[Event "DEM U16w 2022"]
[Site "Willingen GER"]
[Date "2022.06.08"]
[Round "6"]
[White "von Beckh, Frieda"]
[Black "Alferova, Emily"]
[Result "0-1"]
[Termination "normal"]
[Board "8"]
[WhiteElo "1651"]
[BlackElo "1523"]
[WhiteClock "00:47:03"]
[BlackClock "00:30:16"]
[PlyCount "52"]
[WhiteFideId "16233751"]
[BlackFideId "16265904"]
[EventCountry "GER"]
[EventRounds "9"]
[EventType "swiss"]
[EventDate "2022.06.04"]

1. e4 {[%clk 1:30:57]} e5 {[%clk 1:30:57]} 2. Nf3 {[%clk 1:31:22]} Nc6 {[%clk
1:31:23]} 3. d4 {[%clk 1:31:47]} exd4 {[%clk 1:31:46]} 4. Nxd4 {[%clk 1:32:13]}
Nf6 {[%clk 1:32:04]} 5. Nc3 {[%clk 1:32:36]} Bb4 {[%clk 1:32:24]} 6. Nxc6
{[%clk 1:33:00]} bxc6 {[%clk 1:32:49]} 7. Bd3 {[%clk 1:33:27]} d5 {[%clk
1:32:24]} 8. exd5 {[%clk 1:29:58]} cxd5 {[%clk 1:31:12]} 9. O-O {[%clk
1:30:19]} O-O {[%clk 1:29:16]} 10. Bg5 {[%clk 1:28:53]} c6 {[%clk 1:28:18]} 11.
Na4 {[%clk 1:18:39]} Be7 {[%clk 1:19:28]} 12. Re1 {[%clk 1:16:09]} Qc7 {[%clk
1:11:17]} 13. Qe2 {[%clk 1:11:03]} Bd8 {[%clk 0:46:43]} 14. c4 {[%clk 1:08:14]}
Ng4 {[%clk 0:45:01]} 15. f4 {[%clk 1:03:41]} Bxg5 {[%clk 0:45:09]} 16. h3
{[%clk 1:03:45]} Qxf4 {[%clk 0:43:03]} 17. hxg4 {[%clk 1:02:45]} Bxg4 {[%clk
0:36:05]} 18. Qc2 {[%clk 1:02:29]} Qd4+ {[%clk 0:33:57]} 19. Kh1 {[%clk
1:02:35]} g6 {[%clk 0:33:31]} 20. cxd5 {[%clk 1:00:03]} cxd5 {[%clk 0:32:27]}
21. Ba6 {[%clk 0:59:15]} Bf5 {[%clk 0:31:39]} 22. Qb3 {[%clk 0:56:10]} Rfe8
{[%clk 0:30:35]} 23. g3 {[%clk 0:46:33]} Be4+ {[%clk 0:29:53]} 24. Kh2 {[%clk
0:46:27]} Qf2+ {[%clk 0:29:31]} 25. Kh3 {[%clk 0:46:48]} Bg2+ {[%clk 0:29:53]}
26. Kg4 {[%clk 0:47:03]} Qf5# {[%clk 0:30:16]} 0-1

[Event "DEM U16w 2022"]
[Site "Willingen GER"]
[Date "2022.06.08"]
[Round "6"]
[White "Alhassan, Jodi"]
[Black "Duchstein, Anna"]
[Result "0-1"]
[Termination "normal"]
[Board "9"]
[WhiteElo "1225"]
[BlackElo "1661"]
[WhiteClock "00:00:45"]
[BlackClock "00:39:23"]
[PlyCount "60"]
[WhiteFideId "16250460"]
[BlackFideId "16261372"]
[EventCountry "GER"]
[EventRounds "9"]
[EventType "swiss"]
[EventDate "2022.06.04"]

1. e4 {[%clk 1:30:54]} c5 {[%clk 1:30:56]} 2. d4 {[%clk 1:31:08]} cxd4 {[%clk
1:31:00]} 3. c3 {[%clk 1:31:33]} dxc3 {[%clk 1:30:50]} 4. Nxc3 {[%clk 1:31:56]}
Nc6 {[%clk 1:30:24]} 5. Nf3 {[%clk 1:32:07]} d6 {[%clk 1:28:48]} 6. Bc4 {[%clk
1:31:18]} h6 {[%clk 1:25:42]} 7. O-O {[%clk 1:27:35]} Bg4 {[%clk 1:24:44]} 8.
Bf4 {[%clk 1:15:21]} Nf6 {[%clk 1:21:55]} 9. Re1 {[%clk 0:59:07]} e5 {[%clk
1:19:01]} 10. Be3 {[%clk 0:52:29]} Be7 {[%clk 1:17:08]} 11. Qe2 {[%clk
0:36:47]} O-O {[%clk 1:14:05]} 12. Red1 {[%clk 0:24:31]} a6 {[%clk 1:09:53]}
13. a3 {[%clk 0:19:07]} Qc7 {[%clk 1:03:41]} 14. Nd5 {[%clk 0:17:39]} Nxd5
{[%clk 1:03:25]} 15. Bxd5 {[%clk 0:17:40]} Rac8 {[%clk 1:00:31]} 16. h3 {[%clk
0:15:22]} Bh5 {[%clk 1:00:14]} 17. Rac1 {[%clk 0:15:25]} Qb8 {[%clk 0:58:49]}
18. Bb6 {[%clk 0:13:11]} Bg5 {[%clk 0:54:14]} 19. Rc3 {[%clk 0:09:27]} Bf6
{[%clk 0:49:47]} 20. g4 {[%clk 0:05:14]} Bg6 {[%clk 0:49:31]} 21. Qe3 {[%clk
0:04:11]} Ne7 {[%clk 0:46:38]} 22. Rxc8 {[%clk 0:01:15]} Qxc8 {[%clk 0:44:18]}
23. Qd2 {[%clk 0:00:47]} Nxd5 {[%clk 0:43:03]} 24. Qxd5 {[%clk 0:00:51]} Be7
{[%clk 0:42:38]} 25. Nd2 {[%clk 0:00:38]} Qc2 {[%clk 0:41:53]} 26. Nb3 {[%clk
0:00:32]} Bxe4 {[%clk 0:40:42]} 27. Qd2 {[%clk 0:00:36]} Qxb3 {[%clk 0:40:32]}
28. Be3 {[%clk 0:00:42]} d5 {[%clk 0:39:42]} 29. Qc1 {[%clk 0:00:35]} d4 {[%clk
0:39:25]} 30. Bd2 {[%clk 0:00:45]} Qxh3 {[%clk 0:39:23]} 0-1

[Event "DEM U16w 2022"]
[Site "Willingen GER"]
[Date "2022.06.08"]
[Round "6"]
[White "Racky, Selina"]
[Black "Miriieva, Amina"]
[Result "1-0"]
[Termination "normal"]
[Board "10"]
[WhiteElo "1424"]
[BlackElo "1155"]
[WhiteClock "00:27:29"]
[BlackClock "00:21:56"]
[PlyCount "149"]
[WhiteFideId "16239440"]
[BlackFideId "34154957"]
[EventCountry "GER"]
[EventRounds "9"]
[EventType "swiss"]
[EventDate "2022.06.04"]

1. e4 {[%clk 1:30:53]} e5 {[%clk 1:30:59]} 2. Nf3 {[%clk 1:31:18]} Nc6 {[%clk
1:31:15]} 3. Bc4 {[%clk 1:31:44]} Nd4 {[%clk 1:31:05]} 4. c3 {[%clk 1:27:39]}
Nc6 {[%clk 1:30:03]} 5. d3 {[%clk 1:28:00]} Nf6 {[%clk 1:29:56]} 6. Nbd2 {[%clk
1:26:53]} Be7 {[%clk 1:29:26]} 7. h3 {[%clk 1:26:29]} d5 {[%clk 1:28:39]} 8.
Bb5 {[%clk 1:16:40]} Bd6 {[%clk 1:27:37]} 9. exd5 {[%clk 1:08:55]} Nxd5 {[%clk
1:27:28]} 10. d4 {[%clk 1:06:35]} exd4 {[%clk 1:27:17]} 11. Nxd4 {[%clk
1:06:50]} Bd7 {[%clk 1:26:53]} 12. Nxc6 {[%clk 0:58:32]} bxc6 {[%clk 1:26:35]}
13. Bc4 {[%clk 0:56:16]} O-O {[%clk 1:26:31]} 14. O-O {[%clk 0:51:43]} f5
{[%clk 1:24:23]} 15. Nf3 {[%clk 0:49:13]} Be6 {[%clk 1:22:20]} 16. Ng5 {[%clk
0:45:10]} Qf6 {[%clk 1:18:05]} 17. Nxe6 {[%clk 0:42:26]} Qxe6 {[%clk 1:17:02]}
18. Re1 {[%clk 0:34:07]} Qf7 {[%clk 1:16:34]} 19. Qf3 {[%clk 0:33:38]} Kh8
{[%clk 1:14:01]} 20. Rd1 {[%clk 0:32:09]} Rad8 {[%clk 1:12:35]} 21. Be3 {[%clk
0:28:30]} a5 {[%clk 1:09:05]} 22. Rd4 {[%clk 0:28:35]} Bc5 {[%clk 1:07:09]} 23.
Rd3 {[%clk 0:24:36]} Bxe3 {[%clk 1:07:07]} 24. Rxe3 {[%clk 0:24:19]} Qf6 {[%clk
1:01:44]} 25. Bxd5 {[%clk 0:23:36]} Rxd5 {[%clk 1:00:34]} 26. Rae1 {[%clk
0:23:53]} Qd6 {[%clk 0:46:50]} 27. Re6 {[%clk 0:20:20]} Qd7 {[%clk 0:40:51]}
28. Qh5 {[%clk 0:14:48]} f4 {[%clk 0:33:50]} 29. Re8 {[%clk 0:10:03]} g6 {[%clk
0:28:47]} 30. Qe2 {[%clk 0:09:26]} Rxe8 {[%clk 0:28:03]} 31. Qxe8+ {[%clk
0:09:54]} Qxe8 {[%clk 0:27:57]} 32. Rxe8+ {[%clk 0:10:22]} Kg7 {[%clk 0:28:11]}
33. Re7+ {[%clk 0:08:45]} Kh6 {[%clk 0:28:22]} 34. Rxc7 {[%clk 0:07:12]} Rd2
{[%clk 0:27:57]} 35. Rb7 {[%clk 0:06:06]} Rd5 {[%clk 0:23:01]} 36. Kf1 {[%clk
0:05:48]} Re5 {[%clk 0:20:28]} 37. Rd7 {[%clk 0:05:45]} Rb5 {[%clk 0:19:11]}
38. Rd2 {[%clk 0:05:50]} Kg5 {[%clk 0:16:49]} 39. Ke2 {[%clk 0:06:12]} Kf5
{[%clk 0:16:17]} 40. Kf3 {[%clk 0:05:44]} h5 {[%clk 0:15:29]} 41. g3 {[%clk
0:02:44]} g5 {[%clk 0:12:30]} 42. gxf4 {[%clk 0:01:49]} gxf4 {[%clk 0:11:09]}
43. b3 {[%clk 0:02:10]} Rc5 {[%clk 0:10:38]} 44. c4 {[%clk 0:02:25]} Kg5 {[%clk
0:09:03]} 45. Rd1 {[%clk 0:29:38]} Kh4 {[%clk 0:37:58]} 46. Re1 {[%clk
0:27:12]} Rf5 {[%clk 0:35:40]} 47. a3 {[%clk 0:25:21]} Rf8 {[%clk 0:32:00]} 48.
b4 {[%clk 0:22:35]} axb4 {[%clk 0:31:22]} 49. axb4 {[%clk 0:23:00]} Rb8 {[%clk
0:31:26]} 50. Rb1 {[%clk 0:23:24]} Rb7 {[%clk 0:30:46]} 51. b5 {[%clk 0:22:53]}
cxb5 {[%clk 0:30:16]} 52. cxb5 {[%clk 0:23:21]} Rb6 {[%clk 0:29:43]} 53. Kxf4
{[%clk 0:21:32]} Kxh3 {[%clk 0:29:13]} 54. Rh1+ {[%clk 0:21:49]} Kg2 {[%clk
0:29:27]} 55. Rxh5 {[%clk 0:22:14]} Kxf2 {[%clk 0:29:18]} 56. Ke4 {[%clk
0:22:39]} Ke2 {[%clk 0:28:37]} 57. Kd4 {[%clk 0:23:00]} Rb8 {[%clk 0:25:03]}
58. Kc5 {[%clk 0:22:18]} Rg8 {[%clk 0:25:03]} 59. b6 {[%clk 0:22:25]} Rg7
{[%clk 0:24:29]} 60. Kc6 {[%clk 0:22:24]} Rg6+ {[%clk 0:23:11]} 61. Kb7 {[%clk
0:22:45]} Kf3 {[%clk 0:21:41]} 62. Ka7 {[%clk 0:22:39]} Rg7+ {[%clk 0:21:18]}
63. b7 {[%clk 0:22:59]} Kg4 {[%clk 0:20:37]} 64. Rb5 {[%clk 0:23:19]} Kf4
{[%clk 0:19:42]} 65. Ka8 {[%clk 0:23:46]} Rg8+ {[%clk 0:19:55]} 66. b8=Q+
{[%clk 0:24:13]} Rxb8+ {[%clk 0:20:01]} 67. Rxb8 {[%clk 0:24:41]} Ke5 {[%clk
0:20:24]} 68. Rd8 {[%clk 0:25:06]} Ke6 {[%clk 0:20:41]} 69. Kb7 {[%clk
0:25:30]} Ke7 {[%clk 0:20:59]} 70. Rd5 {[%clk 0:25:50]} Ke6 {[%clk 0:21:14]}
71. Kc6 {[%clk 0:26:15]} Kf6 {[%clk 0:21:34]} 72. Kd6 {[%clk 0:26:35]} Kg6
{[%clk 0:21:32]} 73. Ke6 {[%clk 0:26:59]} Kg7 {[%clk 0:21:38]} 74. Rg5+ {[%clk
0:27:05]} Kf8 {[%clk 0:21:56]} 75. Rg6 {[%clk 0:27:29]} 1-0

[Event "DEM U16w 2022"]
[Site "Willingen GER"]
[Date "2022.06.08"]
[Round "6"]
[White "Köpnick, Amanda"]
[Black "Foos, Vanessa"]
[Result "0-1"]
[Termination "normal"]
[Board "11"]
[WhiteElo "1162"]
[BlackElo "1462"]
[WhiteClock "00:44:26"]
[BlackClock "01:10:03"]
[PlyCount "46"]
[WhiteFideId "34618538"]
[BlackFideId "16245270"]
[EventCountry "GER"]
[EventRounds "9"]
[EventType "swiss"]
[EventDate "2022.06.04"]

1. e4 {[%clk 1:30:58]} d6 {[%clk 1:30:56]} 2. Nc3 {[%clk 1:31:14]} Nf6 {[%clk
1:31:13]} 3. d4 {[%clk 1:31:00]} g6 {[%clk 1:31:39]} 4. f3 {[%clk 1:30:41]} Bg7
{[%clk 1:31:45]} 5. Be3 {[%clk 1:30:46]} O-O {[%clk 1:31:56]} 6. Qd2 {[%clk
1:30:53]} c6 {[%clk 1:32:15]} 7. O-O-O {[%clk 1:29:17]} b5 {[%clk 1:31:50]} 8.
g4 {[%clk 1:24:57]} b4 {[%clk 1:31:46]} 9. Na4 {[%clk 1:24:56]} Qa5 {[%clk
1:31:22]} 10. b3 {[%clk 1:24:39]} Nbd7 {[%clk 1:31:16]} 11. Ne2 {[%clk
1:17:29]} Nb6 {[%clk 1:30:22]} 12. c3 {[%clk 1:06:20]} bxc3 {[%clk 1:23:44]}
13. Qxc3 {[%clk 1:05:06]} Qxc3+ {[%clk 1:24:06]} 14. Nexc3 {[%clk 1:05:23]}
Nxa4 {[%clk 1:23:00]} 15. Nxa4 {[%clk 1:05:28]} a5 {[%clk 1:21:49]} 16. Nc3
{[%clk 1:02:11]} Ba6 {[%clk 1:21:40]} 17. a4 {[%clk 1:00:11]} Bxf1 {[%clk
1:17:28]} 18. Rhxf1 {[%clk 0:59:40]} Nd7 {[%clk 1:16:36]} 19. Kc2 {[%clk
0:58:30]} Rfc8 {[%clk 1:16:31]} 20. h4 {[%clk 0:55:40]} c5 {[%clk 1:13:37]} 21.
dxc5 {[%clk 0:53:44]} Nxc5 {[%clk 1:10:11]} 22. Bxc5 {[%clk 0:52:35]} Rxc5
{[%clk 1:10:16]} 23. Rd5 {[%clk 0:44:26]} Rxc3+ {[%clk 1:10:03]} 0-1

[Event "DEM U16w 2022"]
[Site "Willingen GER"]
[Date "2022.06.08"]
[Round "6"]
[White "Einacker, Anika"]
[Black "Dohon, Maria-Johanna"]
[Result "0-1"]
[Termination "normal"]
[Board "12"]
[WhiteElo "1160"]
[BlackElo "1578"]
[WhiteClock "00:01:23"]
[BlackClock "00:06:42"]
[PlyCount "104"]
[WhiteFideId "34620591"]
[BlackFideId "34600957"]
[EventCountry "GER"]
[EventRounds "9"]
[EventType "swiss"]
[EventDate "2022.06.04"]

1. e4 {[%clk 1:30:54]} c6 {[%clk 1:30:54]} 2. Nf3 {[%clk 1:30:58]} d5 {[%clk
1:31:17]} 3. Nc3 {[%clk 1:31:03]} Bg4 {[%clk 1:31:26]} 4. h3 {[%clk 1:31:22]}
Bxf3 {[%clk 1:31:49]} 5. Qxf3 {[%clk 1:31:32]} e6 {[%clk 1:32:13]} 6. d3 {[%clk
1:31:39]} Nd7 {[%clk 1:31:17]} 7. Bd2 {[%clk 1:31:06]} Bd6 {[%clk 1:28:46]} 8.
O-O-O {[%clk 1:29:53]} Ne7 {[%clk 1:27:44]} 9. g4 {[%clk 1:23:43]} b5 {[%clk
1:07:10]} 10. Qg2 {[%clk 1:09:24]} O-O {[%clk 1:03:22]} 11. h4 {[%clk 1:05:35]}
a5 {[%clk 0:57:53]} 12. d4 {[%clk 0:58:06]} a4 {[%clk 0:48:37]} 13. e5 {[%clk
0:57:41]} Bc7 {[%clk 0:45:25]} 14. Bd3 {[%clk 0:56:59]} b4 {[%clk 0:36:18]} 15.
Ne2 {[%clk 0:55:39]} Ba5 {[%clk 0:35:14]} 16. c3 {[%clk 0:52:55]} Qb6 {[%clk
0:32:37]} 17. g5 {[%clk 0:48:43]} Rfb8 {[%clk 0:30:05]} 18. f4 {[%clk 0:48:04]}
bxc3 {[%clk 0:28:54]} 19. Bxc3 {[%clk 0:48:24]} a3 {[%clk 0:28:00]} 20. b3
{[%clk 0:47:44]} c5 {[%clk 0:20:40]} 21. Bxa5 {[%clk 0:36:51]} Rxa5 {[%clk
0:20:09]} 22. Bc2 {[%clk 0:34:03]} Rc8 {[%clk 0:18:37]} 23. Kb1 {[%clk
0:33:19]} c4 {[%clk 0:14:01]} 24. h5 {[%clk 0:31:18]} cxb3 {[%clk 0:12:14]} 25.
Bxb3 {[%clk 0:30:30]} Rb5 {[%clk 0:11:01]} 26. Rh3 {[%clk 0:26:13]} Qa5 {[%clk
0:08:02]} 27. Qg4 {[%clk 0:21:11]} Qc7 {[%clk 0:04:29]} 28. Rc1 {[%clk
0:21:04]} Qb7 {[%clk 0:04:05]} 29. Rxc8+ {[%clk 0:21:11]} Qxc8 {[%clk 0:04:33]}
30. g6 {[%clk 0:17:41]} h6 {[%clk 0:03:39]} 31. gxf7+ {[%clk 0:15:01]} Kxf7
{[%clk 0:03:59]} 32. Nc3 {[%clk 0:09:54]} Rb8 {[%clk 0:03:35]} 33. Nd1 {[%clk
0:07:56]} Nf8 {[%clk 0:01:44]} 34. Rg3 {[%clk 0:05:54]} Nf5 {[%clk 0:02:02]}
35. Rg2 {[%clk 0:04:25]} Qa6 {[%clk 0:02:14]} 36. Rc2 {[%clk 0:02:07]} Qd3
{[%clk 0:02:06]} 37. Nc3 {[%clk 0:00:59]} Nxd4 {[%clk 0:01:47]} 38. Qd1 {[%clk
0:00:57]} Qxd1+ {[%clk 0:02:09]} 39. Nxd1 {[%clk 0:01:17]} Nxc2 {[%clk
0:02:30]} 40. Kxc2 {[%clk 0:01:36]} Nd7 {[%clk 0:01:13]} 41. Kc3 {[%clk
0:26:27]} g6 {[%clk 0:24:24]} 42. hxg6+ {[%clk 0:25:03]} Kxg6 {[%clk 0:24:46]}
43. Bc2+ {[%clk 0:22:51]} Kg7 {[%clk 0:24:03]} 44. Kd4 {[%clk 0:19:10]} Rb4+
{[%clk 0:21:59]} 45. Ke3 {[%clk 0:18:27]} Nb6 {[%clk 0:19:50]} 46. Kf3 {[%clk
0:13:40]} Nc4 {[%clk 0:17:40]} 47. Ke2 {[%clk 0:08:53]} Nb2 {[%clk 0:16:02]}
48. Nc3 {[%clk 0:06:59]} Rxf4 {[%clk 0:11:26]} 49. Nb5 {[%clk 0:05:50]} Nc4
{[%clk 0:09:16]} 50. Kd3 {[%clk 0:04:14]} Nxe5+ {[%clk 0:08:56]} 51. Ke3 {[%clk
0:03:52]} Rh4 {[%clk 0:06:34]} 52. Nxa3 {[%clk 0:01:23]} Rh3+ {[%clk 0:06:42]}
0-1

[Event "DEM U16w 2022"]
[Site "Willingen GER"]
[Date "2022.06.09"]
[Round "7"]
[White "Pohle, Saskia"]
[Black "Hubert, Charlotte"]
[Result "1-0"]
[Termination "normal"]
[Board "1"]
[WhiteElo "1827"]
[BlackElo "1651"]
[WhiteClock "00:44:26"]
[BlackClock "00:26:34"]
[PlyCount "101"]
[WhiteFideId "16201604"]
[BlackFideId "16265920"]
[EventCountry "GER"]
[EventRounds "9"]
[EventType "swiss"]
[EventDate "2022.06.04"]

1. e4 {[%clk 1:30:58]} c5 {[%clk 1:30:54]} 2. Nf3 {[%clk 1:31:24]} d6 {[%clk
1:31:16]} 3. c3 {[%clk 1:31:48]} Nf6 {[%clk 1:31:03]} 4. Bc4 {[%clk 1:32:10]}
e6 {[%clk 1:29:50]} 5. d3 {[%clk 1:32:00]} Nc6 {[%clk 1:29:02]} 6. Bb3 {[%clk
1:31:48]} Be7 {[%clk 1:27:40]} 7. O-O {[%clk 1:32:08]} O-O {[%clk 1:27:25]} 8.
Re1 {[%clk 1:32:09]} a6 {[%clk 1:25:22]} 9. Nbd2 {[%clk 1:31:51]} b5 {[%clk
1:24:14]} 10. Nf1 {[%clk 1:31:02]} Bb7 {[%clk 1:21:56]} 11. Ng3 {[%clk
1:30:14]} Qc7 {[%clk 1:12:32]} 12. Bf4 {[%clk 1:26:11]} a5 {[%clk 0:58:21]} 13.
a4 {[%clk 1:26:25]} b4 {[%clk 0:57:30]} 14. Qd2 {[%clk 1:22:43]} Rab8 {[%clk
0:52:59]} 15. Bc4 {[%clk 1:16:55]} Ne5 {[%clk 0:46:04]} 16. Nxe5 {[%clk
1:13:50]} dxe5 {[%clk 0:46:25]} 17. Bg5 {[%clk 1:10:40]} h6 {[%clk 0:39:40]}
18. Bxh6 {[%clk 1:03:47]} gxh6 {[%clk 0:29:17]} 19. Qxh6 {[%clk 1:04:06]} Rfc8
{[%clk 0:24:17]} 20. Nf5 {[%clk 0:53:07]} exf5 {[%clk 0:18:28]} 21. Re3 {[%clk
0:53:22]} Bd8 {[%clk 0:04:57]} 22. Rh3 {[%clk 0:53:09]} Nh7 {[%clk 0:04:28]}
23. Qxh7+ {[%clk 0:53:30]} Kf8 {[%clk 0:04:55]} 24. Rg3 {[%clk 0:49:31]} Qd7
{[%clk 0:02:33]} 25. Rg8+ {[%clk 0:48:01]} Ke7 {[%clk 0:02:54]} 26. Qxf7+
{[%clk 0:46:36]} Kd6 {[%clk 0:03:15]} 27. Rg6+ {[%clk 0:45:21]} Kc7 {[%clk
0:03:38]} 28. Qxd7+ {[%clk 0:44:55]} Kxd7 {[%clk 0:04:02]} 29. Be6+ {[%clk
0:45:11]} Ke7 {[%clk 0:04:08]} 30. Bxc8 {[%clk 0:45:07]} Bxc8 {[%clk 0:04:29]}
31. c4 {[%clk 0:41:44]} b3 {[%clk 0:04:38]} 32. Rc6 {[%clk 0:40:51]} Bb6 {[%clk
0:03:20]} 33. Ra3 {[%clk 0:39:37]} Bd7 {[%clk 0:02:53]} 34. Rh6 {[%clk
0:39:07]} Bc7 {[%clk 0:02:55]} 35. f3 {[%clk 0:37:59]} fxe4 {[%clk 0:03:08]}
36. fxe4 {[%clk 0:38:17]} Bg4 {[%clk 0:01:58]} 37. Kf2 {[%clk 0:37:42]} Bd1
{[%clk 0:02:05]} 38. Ra1 {[%clk 0:32:38]} Bc2 {[%clk 0:02:20]} 39. Ke2 {[%clk
0:32:50]} Rd8 {[%clk 0:02:40]} 40. Rh7+ {[%clk 0:31:21]} Kd6 {[%clk 0:02:56]}
41. Rf1 {[%clk 0:30:19]} Kc6 {[%clk 0:30:04]} 42. Rf3 {[%clk 0:54:31]} Rd6
{[%clk 0:28:11]} 43. g4 {[%clk 0:54:13]} Rg6 {[%clk 0:27:47]} 44. Rg3 {[%clk
0:54:05]} Bd8 {[%clk 0:27:37]} 45. h4 {[%clk 0:53:50]} Kd6 {[%clk 0:27:48]} 46.
g5 {[%clk 0:52:50]} Ke6 {[%clk 0:27:49]} 47. Rh6 {[%clk 0:46:43]} Kf7 {[%clk
0:26:44]} 48. Rxg6 {[%clk 0:46:15]} Kxg6 {[%clk 0:27:06]} 49. h5+ {[%clk
0:46:17]} Kg7 {[%clk 0:26:09]} 50. h6+ {[%clk 0:44:16]} Kg6 {[%clk 0:26:34]}
51. Rh3 {[%clk 0:44:26]} 1-0

[Event "DEM U16w 2022"]
[Site "Willingen GER"]
[Date "2022.06.09"]
[Round "7"]
[White "Voigt, Anastasia"]
[Black "Zöllner, Bente"]
[Result "0-1"]
[Termination "normal"]
[Board "2"]
[WhiteElo "1665"]
[BlackElo "1614"]
[WhiteClock "00:19:40"]
[BlackClock "00:45:16"]
[PlyCount "90"]
[WhiteFideId "16235223"]
[BlackFideId "16230523"]
[EventCountry "GER"]
[EventRounds "9"]
[EventType "swiss"]
[EventDate "2022.06.04"]

1. e4 {[%clk 1:30:58]} c5 {[%clk 1:30:52]} 2. Nf3 {[%clk 1:31:23]} Nc6 {[%clk
1:31:16]} 3. d4 {[%clk 1:31:48]} cxd4 {[%clk 1:31:41]} 4. Nxd4 {[%clk 1:32:14]}
Nf6 {[%clk 1:32:01]} 5. Nc3 {[%clk 1:32:41]} e5 {[%clk 1:32:22]} 6. Ndb5 {[%clk
1:33:08]} d6 {[%clk 1:32:41]} 7. Na3 {[%clk 1:33:21]} h6 {[%clk 1:26:28]} 8.
Nc4 {[%clk 1:33:43]} Be6 {[%clk 1:22:28]} 9. Ne3 {[%clk 1:31:47]} Nd4 {[%clk
1:15:50]} 10. Bd3 {[%clk 1:25:02]} d5 {[%clk 1:12:00]} 11. exd5 {[%clk
1:24:09]} Nxd5 {[%clk 1:09:39]} 12. Ncxd5 {[%clk 1:23:36]} Bxd5 {[%clk
1:09:04]} 13. c3 {[%clk 1:23:04]} Nc6 {[%clk 1:07:02]} 14. O-O {[%clk 1:19:52]}
Be6 {[%clk 1:02:03]} 15. b4 {[%clk 1:07:42]} Bd6 {[%clk 0:56:58]} 16. Bb2
{[%clk 1:02:31]} O-O {[%clk 0:52:07]} 17. Be4 {[%clk 1:00:32]} Qd7 {[%clk
0:47:54]} 18. a3 {[%clk 0:53:21]} f5 {[%clk 0:44:13]} 19. Bd5 {[%clk 0:51:45]}
Ne7 {[%clk 0:42:54]} 20. Bxb7 {[%clk 0:48:17]} Rad8 {[%clk 0:41:06]} 21. Ba6
{[%clk 0:34:47]} f4 {[%clk 0:39:00]} 22. Nc4 {[%clk 0:32:57]} Qc6 {[%clk
0:35:57]} 23. Nxd6 {[%clk 0:24:02]} Qxa6 {[%clk 0:35:21]} 24. Re1 {[%clk
0:17:21]} Qxd6 {[%clk 0:31:29]} 25. Qxd6 {[%clk 0:16:35]} Rxd6 {[%clk 0:31:39]}
26. Rxe5 {[%clk 0:15:03]} Ng6 {[%clk 0:30:37]} 27. Ree1 {[%clk 0:14:08]} f3
{[%clk 0:30:13]} 28. g3 {[%clk 0:10:57]} Bc4 {[%clk 0:26:50]} 29. Rad1 {[%clk
0:07:46]} Rfd8 {[%clk 0:25:11]} 30. Rd4 {[%clk 0:06:57]} Be2 {[%clk 0:24:14]}
31. h4 {[%clk 0:05:00]} Ne5 {[%clk 0:23:52]} 32. Ra1 {[%clk 0:03:31]} Nd3
{[%clk 0:22:13]} 33. Rxd6 {[%clk 0:03:14]} Rxd6 {[%clk 0:22:27]} 34. Bc1 {[%clk
0:03:37]} Nxc1 {[%clk 0:20:57]} 35. Rxc1 {[%clk 0:04:02]} Rc6 {[%clk 0:21:07]}
36. a4 {[%clk 0:03:40]} a6 {[%clk 0:21:14]} 37. Kh2 {[%clk 0:03:01]} g5 {[%clk
0:20:37]} 38. hxg5 {[%clk 0:02:44]} hxg5 {[%clk 0:19:43]} 39. Kh3 {[%clk
0:01:48]} Rh6+ {[%clk 0:19:40]} 40. Kg4 {[%clk 0:01:41]} Rh2 {[%clk 0:19:54]}
41. Kxg5 {[%clk 0:29:45]} Rxf2 {[%clk 0:49:55]} 42. c4 {[%clk 0:24:53]} Rg2
{[%clk 0:49:10]} 43. b5 {[%clk 0:23:34]} axb5 {[%clk 0:47:45]} 44. axb5 {[%clk
0:21:46]} f2 {[%clk 0:46:48]} 45. b6 {[%clk 0:19:40]} f1=Q {[%clk 0:45:16]} 0-1